El comercio intraindustrial argentina (Registro nro. 22845)

Detalles MARC
000 -LEADER
fixed length control field 00392 a2200133 4500
001 - CONTROL NUMBER
control field ART_23590
005 - DATE AND TIME OF LATEST TRANSACTION
control field 20260410161827.0
008 - FIXED-LENGTH DATA ELEMENTS--GENERAL INFORMATION
fixed length control field 260409a
100 1# - MAIN ENTRY--PERSONAL NAME
Personal name Calá, Carla Daniela
245 10 - TITLE STATEMENT
Title El comercio intraindustrial argentina
700 1# - ADDED ENTRY--PERSONAL NAME
Personal name De Cicco, Javier Alfredo
700 1# - ADDED ENTRY--PERSONAL NAME
Personal name Berges, Miriam
773 0# - HOST ITEM ENTRY
Title FACES
Related parts - Año 19, Nº 40/41 (ene./dic. 2013)
Record control number REV5046

No hay ítems disponibles.